[Event "RUS-Cup7"]
[Site "Kstovo"]
[Date "1997.05.06"]
[Round "6"]
[White "Kharitonov, Andrei Y"]
[Black "Sakaev, Konstantin"]
[Result "1/2-1/2"]
[WhiteElo "2520"]
[BlackElo "2580"]

1.Nf3 c5 2.c4 Nf6 3.Nc3 Nc6 4.g3 d5 5.cxd5 Nxd5 6.Bg2 Nc7 7.O-O e5 8.a3 Bd6
9.d3 O-O 10.Be3 Ne6 11.Ne4 f5 12.Nxd6 Qxd6 13.Rc1 f4 14.Bd2 a5  1/2-1/2

[Event "Komercni Banka op"]
[Site "Pardubice"]
[Date "1997.07.20"]
[Round "4"]
[White "Sakaev, Konstantin"]
[Black "Jansa, Vlastimil"]
[Result "1-0"]
[WhiteElo "2590"]
[BlackElo "2480"]

1.d4 d6 2.e4 Nf6 3.f3 e5 4.d5 Be7 5.Be3 O-O 6.Qd2 c6 7.c4 a6 8.Nc3 b5 9.Rd1 bxc4
10.Bxc4 c5 11.Nge2 Nbd7 12.Ng3 Ne8 13.Nf5 Nb6 14.Nxe7+ Qxe7 15.Bd3 f5 16.exf5 Bxf5
17.O-O Bxd3 18.Qxd3 Nf6 19.Bg5 Nbd7 20.Ne4 h6 21.Bh4 g5 22.Bf2 Nxe4 23.Qxe4 Qh7
24.Qa4 Nb6 25.Qg4 Qf5 26.Qxf5 Rxf5 27.b4 Nd7 28.bxc5 Nxc5 29.Bxc5 dxc5 30.d6 Rd8
31.Rd5 c4 32.Rc1 Rf6 33.Rxc4 Rfxd6 34.Rxe5 Kf7 35.h4 gxh4 36.Rxh4 Rg6 37.Rf4+ Rf6
38.Rxf6+ Kxf6 39.Rh5 Kg6 40.Rc5 Rd1+ 41.Kh2 Rd6 42.a4 h5 43.a5 Re6 44.Kh3 Rf6
45.Rd5 Rc6 46.Re5 Rf6 47.Kg3 Rc6 48.Rd5 Rf6 49.Rd7 Kg5 50.Rg7+ Kf5 51.Kh4  1-0

[Event "RUS-Cup01 Chigorin mem"]
[Site "St Petersburg"]
[Date "1997.11.01"]
[Round "1"]
[White "Sakaev, Konstantin"]
[Black "Gubanov, Anton"]
[Result "1-0"]
[WhiteElo "2590"]
[BlackElo "2380"]

1.e4 d6 2.d4 Nf6 3.f3 c5 4.c3 cxd4 5.cxd4 Qb6 6.Nc3 Nc6 7.Nge2 g6 8.Na4 Qa5+
9.Bd2 Qd8 10.Be3 Bg7 11.Nac3 O-O 12.Qd2 Bd7 13.g4 e5 14.d5 Ne7 15.Ng3 Ne8
16.Rg1 Kh8 17.O-O-O f5 18.exf5 gxf5 19.Nh5 Ng6 20.Kb1 Qe7 21.Bg5 Qf7 22.h4 fxg4
23.fxg4 Nf4 24.Be2 Bxg4 25.Nxf4 exf4 26.Rxg4 Qf5+ 27.Qd3 h6 28.Qxf5 Rxf5
29.Bd3 Rf8 30.Bxf4 h5 31.Rxg7 Kxg7 32.Rg1+ Kh8 33.Be3 Nf6 34.Bd4  1-0

[Event "RUS-Cup01 Chigorin mem"]
[Site "St Petersburg"]
[Date "1997.11.02"]
[Round "2"]
[White "Polovodin, Igor A"]
[Black "Sakaev, Konstantin"]
[Result "1/2-1/2"]
[WhiteElo "2440"]
[BlackElo "2590"]

1.d4 Nf6 2.c4 e6 3.Nf3 c5 4.g3 cxd4 5.Nxd4 d5 6.Bg2 e5 7.Nf3 d4 8.O-O Nc6
9.e3 Bc5 10.exd4 exd4 11.Nbd2 O-O 12.Nb3 Qb6 13.Nxc5 Qxc5 14.b3 Bf5 15.Nh4 Bg4
16.Qd2 Rfe8 17.f3 Bd7 18.Bb2 h6 19.f4 Ng4 20.Bf3 Ne3 21.Rf2 Rad8 22.Re1 Bg4
23.Rfe2 h5 24.Rf2 a5 25.Bxc6 bxc6 26.Nf3 Bxf3 27.Rxf3 d3 28.Kh1 Ng4 29.Bc3 Rxe1+
30.Qxe1 Qd6 31.Qd2 c5 32.Kg1 Rd7 33.h3 Nh6 34.Bxa5 Qd4+ 35.Kh2 Nf5 36.Bc3 Qe4
37.Rf2 h4 38.gxh4 Nxh4 39.Kg3 Nf5+ 40.Kh2 Nh4 41.Qe1 Nf3+  1/2-1/2

[Event "Cappelle op"]
[Site "Cappelle la Grande"]
[Date "1997.??.??"]
[Round "4"]
[White "Gurevich, Vladimir"]
[Black "Sakaev, Konstantin"]
[Result "1/2-1/2"]
[WhiteElo "2430"]
[BlackElo "2580"]

1.e4 c5 2.Nf3 d6 3.d4 cxd4 4.Nxd4 Nf6 5.Nc3 Nc6 6.Bc4 Qb6 7.Nb3 e6 8.O-O Be7
9.Be3 Qc7 10.f4 O-O 11.Bd3 a6 12.a4 b6 13.Qf3 Bb7 14.Qh3 Rfe8 15.Rf3 Nb4
16.Rg3 Nxd3 17.cxd3 Kh8  1/2-1/2

[Event "Cappelle op"]
[Site "Cappelle la Grande"]
[Date "1997.??.??"]
[Round "5"]
[White "Sakaev, Konstantin"]
[Black "Gourmelen, Michel"]
[Result "1-0"]
[WhiteElo "2580"]
[BlackElo "2155"]

1.d4 f5 2.Nf3 Nf6 3.Bg5 d5 4.Bxf6 exf6 5.e3 Be6 6.Nbd2 c6 7.c4 dxc4 8.Bxc4 Bxc4
9.Nxc4 Nd7 10.O-O Nb6 11.Qc2 Qd5 12.Ncd2 Be7 13.Nb3 Qe4 14.Qd1 O-O 15.Rc1 Rfd8
16.g3 a5 17.Re1 Kh8 18.Nh4 Qe6 19.Qh5 g5 20.Ng6+ Kg7 21.Nxe7 Qxe7 22.Qf3 Kg6
23.h4 h5 24.e4 fxe4 25.Rxe4 Qf7 26.Nc5 Re8 27.hxg5 fxg5 28.Qxf7+ Kxf7 29.Nxb7  1-0

[Event "Cappelle op"]
[Site "Cappelle la Grande"]
[Date "1997.??.??"]
[Round "6"]
[White "Lukov, Valentin"]
[Black "Sakaev, Konstantin"]
[Result "1/2-1/2"]
[WhiteElo "2470"]
[BlackElo "2580"]

1.Nf3 g6 2.c4 Bg7 3.d4 Nf6 4.Nc3 O-O 5.e4 d6 6.h3 Nbd7 7.Be3 e5 8.dxe5 dxe5
9.Be2 c6 10.O-O Qe7 11.Qc2 Nh5 12.Rfe1 Nc5 13.Rad1 Ne6 14.c5 Nhf4 15.Bf1 Qf6
16.Nh2 Nd4 17.Bxd4 exd4 18.Na4 Re8 19.Qb3 Rb8 20.Qg3 b5 21.cxb6 axb6 22.b4 Bd7
23.a3 c5 24.Nb2 Nh5 25.Qb3 Nf4 26.Qg3 g5 27.Rc1 h6 28.Nd3 Nxd3 29.Bxd3 Qe7
30.bxc5 bxc5 31.Bc4 Be5 32.Qf3 Bxh2+ 33.Kxh2 Qe5+ 34.Kg1 Be6 35.Rc2 Bxc4
36.Rxc4 Re6 37.Rec1 Qxe4  1/2-1/2

[Event "RUS-Cup7"]
[Site "Kstovo"]
[Date "1997.??.??"]
[Round "1"]
[White "Sakaev, Konstantin"]
[Black "Doroshkievich, Vladimir K"]
[Result "1/2-1/2"]
[WhiteElo "2580"]
[BlackElo "2385"]

1.e4 c5 2.Nf3 d6 3.d4 cxd4 4.Nxd4 Nf6 5.Nc3 a6 6.Be3 e5 7.Nb3 Be6 8.f3 Nbd7
9.g4 b5 10.a4 b4 11.Nd5 Bxd5 12.exd5 Nb6 13.Bf2 h6 14.f4 exf4 15.Qe2+ Be7
16.O-O-O O-O 17.h4 Nxa4 18.g5 Nd7 19.Qe4 Re8 20.Qxb4 Nac5 21.Na5 hxg5 22.Nc6 Qc7
23.Rg1 Bf6 24.hxg5 Re4 25.c4 Be5 26.Rh1  1/2-1/2

[Event "RUS-Cup7"]
[Site "Kstovo"]
[Date "1997.??.??"]
[Round "7"]
[White "Sakaev, Konstantin"]
[Black "Beshukov, Sergei"]
[Result "1-0"]
[WhiteElo "2580"]
[BlackElo "2435"]

1.d4 d5 2.Nf3 c6 3.c4 e6 4.Qc2 Nf6 5.Bg5 h6 6.Bxf6 Qxf6 7.Nc3 dxc4 8.e3 Nd7
9.Bxc4 g6 10.O-O Bg7 11.b4 Qe7 12.b5 c5 13.a4 cxd4 14.exd4 b6 15.Rfe1 O-O
16.Bd5 Rb8 17.Bc6 Bb7 18.Rac1 Rfd8 19.Qb3 Qd6 20.Ne4 Qf8 21.Rc4 Kh8 22.Qe3 Nf6
23.Nxf6 Bxf6 24.Rec1 Kg7 25.Nd2 Qe7 26.Ne4 Bxc6 27.bxc6 Rbc8 28.g3 Bg5 29.f4 Bf6
30.Kg2 Rc7 31.g4 Kg8 32.g5 Bg7 33.h4 h5 34.Kf3 Rdc8 35.Qb3 Qd8 36.Ke3 Qd5
37.Qb5 Qd8 38.R1c2 Qd5 39.Ng3 Rd8 40.Qxd5 Rxd5 41.Ne4 Ra5 42.Nc3 Bf8 43.Rb2 Rc8
44.Rb5 Ra6 45.Ne4 Be7 46.d5 exd5 47.Rxd5 Kf8 48.Kd3 Ra5 49.Rxa5 bxa5 50.Nc3 Ke8
51.Ke4 Bb4 52.Ke5 Rd8 53.Ne4 Ke7 54.c7 Rc8 55.Kd5 f5 56.gxf6+ Kd7 57.Nc5+  1-0

[Event "RUS-Cup7"]
[Site "Kstovo"]
[Date "1997.??.??"]
[Round "9"]
[White "Sakaev, Konstantin"]
[Black "Poluljahov, Aleksandr"]
[Result "1-0"]
[WhiteElo "2580"]
[BlackElo "2510"]

1.d4 f5 2.g3 Nf6 3.Bg2 d6 4.Nf3 g6 5.O-O Bg7 6.b4 O-O 7.Bb2 Ne4 8.Nbd2 a5
9.b5 a4 10.Rb1 c6 11.bxc6 bxc6 12.c4 Qa5 13.Qc2 Na6 14.a3 Bd7 15.e3 d5 16.Rfd1 e6
17.Nxe4 fxe4 18.Ne5 Qc7 19.f4 exf3 20.Nxf3 Kh8 21.Rf1 Qd6 22.Qxa4 c5 23.dxc5 Nxc5
24.Bxg7+ Kxg7 25.Qb4 Ne4 26.Qxd6 Nxd6 27.c5 Nf7 28.Rb7 Bc6 29.Rb6 Nd8 30.Nd4 Rxf1+
31.Bxf1 Rc8 32.Ba6 Rc7 33.Rxc6 Rxc6 34.Nxc6 Nxc6 35.Bb7 Na7 36.c6 Nb5 37.a4 Nc7
38.a5 Kf6 39.a6  1-0

[Event "JUG-chT"]
[Site "Niksic"]
[Date "1997.??.??"]
[Round "2"]
[White "Dimitrov, Vladimir"]
[Black "Sakaev, Konstantin"]
[Result "1/2-1/2"]
[WhiteElo "2470"]
[BlackElo "2590"]

1.e4 e5 2.Nf3 Nc6 3.Bb5 a6 4.Ba4 Nf6 5.O-O Be7 6.Re1 b5 7.Bb3 O-O 8.a4 b4
9.d3 d6 10.a5 Na7 11.c3 bxc3 12.bxc3 Rb8 13.Qc2 c5 14.Qa2 h6  1/2-1/2

[Event "St Petersburg-ch"]
[Site "St Petersburg"]
[Date "1997.??.??"]
[Round "2"]
[White "Sakaev, Konstantin"]
[Black "Grishanovich, Stanislav"]
[Result "1-0"]
[WhiteElo "2580"]
[BlackElo "2335"]

1.d4 Nf6 2.c4 e6 3.Nc3 d5 4.cxd5 exd5 5.Bg5 Nbd7 6.e3 Be7 7.Bd3 h6 8.Bh4 b6
9.Nge2 Bb7 10.f3 Nf8 11.O-O Ne6 12.b4 O-O 13.Rb1 Qd7 14.b5 a6 15.a4 axb5
16.axb5 Ne4 17.Be1 Nxc3 18.Bxc3 Bf6 19.Bc2 Rfe8 20.Qd3 Nf8 21.Ng3 c5 22.Nh5 Bg5
23.Rfe1 c4 24.Qd2 Ra2 25.Bh7+ Kxh7 26.Qxa2 Rxe3 27.Qc2+ Kg8 28.Rxe3 Bxe3+
29.Kh1 Ne6 30.Qf5 Bc8 31.Qe5 Bg5 32.f4 f6 33.Qb8 Bh4 34.Qxb6 Nf8 35.Ra1 Qf5
36.Qd8 Qxh5 37.Qxc8 Bg3 38.h3 Bxf4 39.Bb4 Qg6 40.Qxf8+ Kh7 41.Bd6  1-0

[Event "St Petersburg-ch"]
[Site "St Petersburg"]
[Date "1997.??.??"]
[Round "3"]
[White "Nepomnishay, Mikhail I"]
[Black "Sakaev, Konstantin"]
[Result "0-1"]
[WhiteElo "2465"]
[BlackElo "2580"]

1.d4 Nf6 2.c4 e6 3.Nf3 b6 4.g3 Ba6 5.Nbd2 c5 6.e4 cxd4 7.e5 Ng4 8.Bg2 Nc6
9.O-O Bc5 10.Qa4 Bb7 11.Nb3 Qc7 12.Bf4 h6 13.Rad1 g5 14.Bc1 Ngxe5 15.Nbd2 a5
16.a3 O-O 17.Qc2 f5 18.b3 g4 19.Nxe5 Nxe5 20.Bb2 Bxg2 21.Kxg2 Qc6+ 22.Kg1 Nf7
23.Qd3 Ng5 24.f3 e5  0-1

[Event "St Petersburg"]
[Site "St Petersburg"]
[Date "1997.??.??"]
[Round "4"]
[White "Sakaev, Konstantin"]
[Black "Epishin, Vladimir"]
[Result "1/2-1/2"]
[WhiteElo "2580"]
[BlackElo "2600"]

1.Nf3 Nf6 2.c4 e6 3.Nc3 Bb4 4.Qc2 O-O 5.a3 Bxc3 6.Qxc3 b6 7.g3 Bb7 8.Bg2 d6
9.O-O Nbd7 10.b4 c5 11.d3 Re8 12.Bb2 a6 13.a4 e5 14.Rfe1 Rb8 15.b5 a5 16.e3 Qe7
17.d4 Qf8 18.d5 e4 19.Nd2 Re7 20.g4 Rbe8 21.h3  1/2-1/2

[Event "St Petersburg-ch"]
[Site "St Petersburg"]
[Date "1997.??.??"]
[Round "9"]
[White "Sakaev, Konstantin"]
[Black "Loginov, Valery A"]
[Result "1/2-1/2"]
[WhiteElo "2580"]
[BlackElo "2555"]

1.d4 Nf6 2.c4 e6 3.Nc3 Bb4 4.Qc2 d5 5.a3 Bxc3+ 6.Qxc3 Ne4 7.Qc2 c5 8.dxc5 Nc6
9.cxd5 exd5 10.Nf3 O-O 11.b4 Bf5 12.Bb2 Re8 13.Rd1 b6 14.e3 bxc5 15.Bb5 Qb6
16.Bxc6 Qxc6 17.Nd4 Qg6 18.Nxf5 Qxf5 19.bxc5 Rac8 20.O-O Rxc5 21.Qa4 Rec8
22.Qxa7 Rc2 23.Qd4 f6 24.Rc1 h5 25.Qd1 Nxf2 26.Qf3 Qxf3 27.gxf3 Nh3+ 28.Kh1 Nf2+
29.Rxf2 Rxc1+ 30.Bxc1 Rxc1+ 31.Kg2 Ra1 32.Rd2  1/2-1/2

[Event "St Petersburg"]
[Site "St Petersburg"]
[Date "1997.??.??"]
[Round "11"]
[White "Sosonko, Gennadi"]
[Black "Sakaev, Konstantin"]
[Result "1/2-1/2"]
[WhiteElo "2515"]
[BlackElo "2580"]

1.d4 Nf6 2.c4 e6 3.Nf3 b6 4.g3 Bb7 5.Bg2 Be7 6.O-O O-O 7.Nc3 Ne4 8.Nxe4 Bxe4
9.Ne1 Bxg2 10.Nxg2 d5 11.Qa4 Qe8 12.Qxe8 Rxe8 13.cxd5 exd5 14.Nf4 c6 15.Be3  1/2-1/2

[Event "JUG Cup"]
[Site "Ulcinj"]
[Date "1997.??.??"]
[Round "?"]
[White "Popchev, Milko"]
[Black "Sakaev, Konstantin"]
[Result "1/2-1/2"]
[WhiteElo "2440"]
[BlackElo "2580"]

1.d4 Nf6 2.Nf3 g6 3.c3 Bg7 4.Bf4 b6 5.Nbd2 Bb7 6.e3 d6 7.Bc4 O-O 8.O-O Nbd7
9.h3 a6 10.a4 Qe8 11.Qe2 e5 12.Bh2 e4 13.Ne1 Qe7 14.Nc2 h5 15.a5 b5 16.Bb3 c5
17.c4 d5 18.cxb5 axb5 19.dxc5 Nxc5 20.Nd4 Ba6 21.Nc6 Qd7 22.Nb4 Nd3 23.Nxa6 Rxa6
24.Nf3 exf3  1/2-1/2

[Event "JUG Cup"]
[Site "Ulcinj"]
[Date "1997.??.??"]
[Round "?"]
[White "Leko, Peter"]
[Black "Sakaev, Konstantin"]
[Result "1/2-1/2"]
[WhiteElo "2600"]
[BlackElo "2580"]

1.e4 c5 2.Nf3 d6 3.Bc4 Nf6 4.d3 Nc6 5.c3 g6 6.Bb3 Bg7 7.Nbd2 O-O 8.O-O b5
9.a3 a5 10.Re1 a4 11.Bc2 Nd7 12.Nf1 Nb6 13.h3 b4 14.axb4 cxb4 15.d4 b3 16.Bd3 e5
17.dxe5 Nxe5 18.Nxe5 Bxe5 19.Be3 Be6  1/2-1/2

[Event "JUG Cup"]
[Site "Ulcinj"]
[Date "1997.??.??"]
[Round "?"]
[White "Sakaev, Konstantin"]
[Black "Konjevic, Djordje"]
[Result "1-0"]
[WhiteElo "2580"]
[BlackElo "2395"]

1.e4 d6 2.d4 Nf6 3.f3 Nbd7 4.Be3 e5 5.d5 Be7 6.c4 Nh5 7.Qd2 h6 8.Bf2 a5 9.Nc3 Nc5
10.g3 g6 11.h4 f5 12.exf5 gxf5 13.O-O-O b6 14.Nge2 Nf6 15.Bh3 Bd7 16.Kb1 Qc8
17.Qc2 Kd8 18.Rhe1 Bf8 19.f4 e4 20.Nd4 Bg7 21.Nc6+ Bxc6 22.dxc6 h5 23.Bd4 Qe6
24.Nb5 Rg8 25.Bf2 Ng4 26.Bxg4 hxg4 27.Rd5 Re8 28.Qd2 Kc8 29.Bd4 Bf8 30.Bc3 e3
31.Qc2 Ne4 32.Rxe3 Nxc3+ 33.Rxc3 Qe1+ 34.Rd1 Qe4 35.Qxe4 Rxe4 36.Rd5 Bg7
37.Rxf5 Re7 38.Rd3 a4 39.Rg5 Kd8 40.Rxg4 Ke8 41.f5 Kf7 42.Nd4 Re1+ 43.Kc2 Bh6
44.Rd1 Re5 45.Rg6 Be3 46.g4 Bxd4 47.Rxd4 b5 48.cxb5 Rxb5 49.h5 a3 50.b4 Re8
51.Re6  1-0

[Event "JUG Cup"]
[Site "Ulcinj"]
[Date "1997.??.??"]
[Round "?"]
[White "Sakaev, Konstantin"]
[Black "Sokolov, Andrei"]
[Result "1-0"]
[WhiteElo "2580"]
[BlackElo "2580"]

1.e4 c5 2.Nf3 d6 3.d4 cxd4 4.Nxd4 Nf6 5.Nc3 e6 6.Be3 a6 7.g4 h6 8.f4 Nc6
9.h3 d5 10.e5 Nd7 11.Qd2 Bb4 12.a3 Nxd4 13.Bxd4 Be7 14.Bd3 b5 15.Qe3 Bb7
16.Ne2 Qc7 17.b4 a5 18.c3 Qc6 19.Kd2 O-O 20.g5 hxg5 21.fxg5 axb4 22.cxb4 Rxa3
23.Rxa3 Bxb4+ 24.Rc3 Nb6 25.Qf3 Bxc3+ 26.Nxc3 Nc4+ 27.Ke1 Qc7 28.Ke2 b4 29.Nb5 Qd7
30.Rf1 g6 31.Bxg6 Ba6 32.Qh5 fxg6 33.Qxg6+ Qg7 34.Qxe6+ Kh8 35.Rxf8+ Qxf8
36.Qxa6  1-0

[Event "Chebanenco mem 1st"]
[Site "Kishinev"]
[Date "1998.02.13"]
[Round "5"]
[White "Sakaev, Konstantin"]
[Black "Itkis, Boris"]
[Result "1-0"]
[WhiteElo "2620"]
[BlackElo "2460"]

1.e4 e6 2.d4 d5 3.Nc3 dxe4 4.Nxe4 Nd7 5.Nf3 Ngf6 6.Nxf6+ Nxf6 7.Be3 Nd5 8.Bd2 c5
9.Bb5+ Bd7 10.Qe2 a6 11.Bxd7+ Qxd7 12.c4 Nf6 13.d5 Bd6 14.Bc3 O-O-O 15.dxe6 Qxe6
16.Qxe6+ fxe6 17.O-O Rd7 18.Rfe1 Re8 19.Re2 Rde7 20.Rae1 b6 21.g3 Bc7 22.Kg2 Bd6
23.b3 Bc7 24.Ng5 Kd7 25.f4 Bb8 26.b4 Bd6 27.Bxf6 gxf6 28.Ne4 Rd8 29.Rd1 Kc6
30.Red2 Red7 31.Nxf6 cxb4 32.Nxd7 Rxd7 33.g4 a5 34.Rd3 a4 35.h4 b3 36.axb3 axb3
37.Rxb3 Rf7 38.Rf1 Bxf4 39.Rb5 h6 40.Kh3 Rf6 41.Kg2 e5 42.Rfb1 Kc7 43.c5 bxc5
44.Rb7+ Kd8 45.Rb8+ Ke7 46.R1b7+ Kd6 47.Rb6+ Kc7 48.Rxf6 Kxb8  1-0

[Event "Chebanenco mem 1st"]
[Site "Kishinev"]
[Date "1998.02.14"]
[Round "6"]
[White "Lanka, Zigurds"]
[Black "Sakaev, Konstantin"]
[Result "1/2-1/2"]
[WhiteElo "2525"]
[BlackElo "2620"]

1.e4 e5 2.Nf3 Nc6 3.Bb5 a6 4.Ba4 Nf6 5.O-O Be7 6.Re1 b5 7.Bb3 O-O 8.h3 Bb7
9.d3 d6 10.a3 h6 11.Nc3 Re8 12.Be3 Nb8 13.a4 b4 14.Ne2 Nbd7 15.Ng3 Bf8 16.Nh2 Nc5
17.Bxc5 dxc5 18.Ng4 Nh7 19.Ne3 g6 20.a5 Bd6 21.Ngf1 h5 22.Nd5 Ng5 23.c3 Ne6
24.Nfe3 Qg5 25.g3 Rf8 26.h4 Qd8 27.Qf3  1/2-1/2

[Event "Chebanenco mem 1st"]
[Site "Kishinev"]
[Date "1998.02.16"]
[Round "8"]
[White "Chernov, Vadim"]
[Black "Sakaev, Konstantin"]
[Result "0-1"]
[WhiteElo "2405"]
[BlackElo "2620"]

1.e4 c5 2.g3 Nc6 3.Bg2 e6 4.d3 d5 5.Nd2 g6 6.Ngf3 Bg7 7.O-O d4 8.a4 e5 9.Nc4 f6
10.Ne1 Nh6 11.f4 Nf7 12.Nf3 Bf8 13.Rf2 Be6 14.Qf1 Qd7 15.fxe5 fxe5 16.Ng5 Nxg5
17.Bxg5 Bg7 18.g4 Nd8 19.Bf6 Bxf6 20.Rxf6 Bxc4 21.dxc4 Ne6 22.g5 Qe7 23.h4 Rf8
24.Qf3 Nf4 25.Rxf8+ Kxf8 26.Qg4 Kg7 27.Ra3 Rf8 28.Rb3 Qf7 29.a5 Kg8 30.Rf3 Qxc4
31.Bf1 Qf7 32.b3 Kh8 33.Bc4 Qe7 34.Rf1 Kg7 35.Kh2 Qd6 36.Kg1 Rd8 37.Kh2 Re8
38.Rf2 Qc7 39.Rf1 Rf8 40.Kg1 Qc8 41.Qxc8 Rxc8 42.Rb1 h6 43.gxh6+ Kxh6 44.Kh2 g5
45.Rg1 gxh4 46.Rg4 Ng6 47.Be6 Rc6 48.Bf5 Rf6 49.Kh3 b6 50.axb6 axb6 51.Rg1 Rd6
52.Rd1 Kh5 53.Kg2 Nf4+ 54.Kf3 d3  0-1

[Event "Beersheba-St Petersburg"]
[Site "Beersheba"]
[Date "1998.03.13"]
[Round "10"]
[White "Sakaev, Konstantin"]
[Black "Mikhalevski, Victor"]
[Result "1-0"]
[WhiteElo "2620"]
[BlackElo "2545"]

1.Nf3 Nf6 2.c4 g6 3.Nc3 d5 4.cxd5 Nxd5 5.Qa4+ Bd7 6.Qh4 Nxc3 7.bxc3 Bg7 8.Rb1 Bc6
9.e4 O-O 10.d4 e6 11.Bg5 f6 12.Be3 Qe8 13.Bd3 Nd7 14.O-O Rd8 15.Rfd1 Nb6
16.Rd2 Na4 17.Rb3 b5 18.Qg3 Rf7 19.h4 Rfd7 20.Bc2 Nb6 21.Re2 Nc4 22.Bf4 e5
23.Bc1 Rf7 24.Rb1 Kh8 25.Bd3 Nd6 26.Ba3 a6 27.Rbe1 Rf8 28.Bc2 Bd7 29.Bb3 Be6
30.Bc5 a5 31.Nd2 Bc8 32.Nf3 a4 33.Bc2 Rg8 34.Bd3 c6 35.Ba3 Nf7 36.Bc1 Be6
37.Rd1 Rd6 38.Be3 Rd8 39.Red2 Qe7 40.Bb1 Rge8 41.d5 Bc8 42.h5 g5 43.Bb6 Rd7
44.Nh2 c5 45.d6 Rxd6 46.Rxd6 Nxd6 47.Bxc5 Nxe4 48.Bxe7 Nxg3 49.fxg3 Be6 50.Rd8 Rxd8
51.Bxd8 e4 52.h6 Bxh6 53.Bxf6+ Bg7 54.Bxg7+ Kxg7 55.a3  1-0

[Event "Beersheba-St Petersburg"]
[Site "Beersheba"]
[Date "1998.05.02"]
[Round "1"]
[White "Sakaev, Konstantin"]
[Black "Greenfeld, Alon"]
[Result "1-0"]
[WhiteElo "2620"]
[BlackElo "2530"]

1.d4 Nf6 2.Nf3 e6 3.c4 b6 4.g3 Ba6 5.b3 Bb4+ 6.Bd2 Be7 7.Nc3 O-O 8.e4 d5
9.cxd5 Bxf1 10.Kxf1 exd5 11.e5 Ne4 12.Kg2 Nxc3 13.Bxc3 Nc6 14.Qd3 Qd7 15.Rad1 Nd8
16.h4 h6 17.Nh2 f5 18.exf6 Bxf6 19.Qg6 Qf7 20.h5 Qxg6 21.hxg6 Nc6 22.Ng4 Rae8
23.Ne3 Re4 24.Nxd5 Bxd4 25.Bxd4 Nxd4 26.Rhe1 Rxe1 27.Rxe1 c6 28.Ne7+ Kh8
29.Re4 c5 30.Nd5 Nc6 31.f4 Rc8 32.f5 Kg8 33.Re7 Rd8 34.f6 Nxe7 35.fxe7 Re8
36.Kf3 b5 37.Ke4 c4 38.bxc4 bxc4 39.Kd4 Rc8 40.Kc3  1-0

[Event "RUS-ch51"]
[Site "St Petersburg"]
[Date "1998.07.29"]
[Round "2"]
[White "Sakaev, Konstantin"]
[Black "Tregubov, Pavel V"]
[Result "1-0"]
[WhiteElo "2620"]
[BlackElo "2535"]

1.d4 d5 2.Nf3 c6 3.c4 e6 4.Qc2 dxc4 5.Qxc4 Nf6 6.Bg5 Qb6 7.Nbd2 Qxb2 8.Rb1 Qa3
9.e4 b6 10.Qc2 Ba6 11.Bc4 Bxc4 12.Nxc4 Qa6 13.O-O Nxe4 14.Qxe4 Qxc4 15.Rbc1 Qa4
16.Ne5 Bd6 17.Nc4 Bc7 18.d5 O-O 19.dxe6 Na6 20.Be7 f5 21.Qd3 Rfe8 22.Qd7 Kh8
23.Rc3 b5 24.Bf6 Rg8 25.Ne5 Bxe5 26.Bxe5 Qe4 27.f4 Nc5 28.Qd6 Nb7 29.Qe7  1-0

[Event "RUS-ch51"]
[Site "St Petersburg"]
[Date "1998.08.01"]
[Round "5"]
[White "Glek, Igor V"]
[Black "Sakaev, Konstantin"]
[Result "1/2-1/2"]
[WhiteElo "2580"]
[BlackElo "2635"]

1.e4 c5 2.Nf3 e6 3.d3 Nc6 4.g3 g6 5.Bg2 Bg7 6.O-O Nge7 7.c3 O-O 8.d4 cxd4
9.cxd4 d5 10.e5 f6 11.Re1 Nf5 12.Nc3 Bd7 13.g4  1/2-1/2

[Event "RUS-ch51"]
[Site "St Petersburg"]
[Date "1998.08.03"]
[Round "7"]
[White "Sakaev, Konstantin"]
[Black "Shchekachev, Andrei"]
[Result "1/2-1/2"]
[WhiteElo "2635"]
[BlackElo "2560"]

1.d4 Nf6 2.Nf3 g6 3.c4 Bg7 4.g3 O-O 5.Bg2 d6 6.O-O Nc6 7.Nc3 a6 8.h3 e5 9.d5 Ne7
10.e4 b5 11.Re1 bxc4 12.Qa4 h6 13.Qxc4 c6 14.dxc6 Be6 15.Qa4 Qc8 16.Rd1 Rd8
17.Be3 Qxc6 18.Qxc6 Nxc6 19.Rac1 Rab8 20.b3 a5 21.Nd2 Nb4 22.Ba7 Rb7 23.Be3 Rbb8
24.Ba7  1/2-1/2

[Event "RUS-ch51"]
[Site "St Petersburg"]
[Date "1998.08.04"]
[Round "8"]
[White "Ivanov, Sergey"]
[Black "Sakaev, Konstantin"]
[Result "1/2-1/2"]
[WhiteElo "2550"]
[BlackElo "2635"]

1.d4 Nf6 2.c4 e6 3.Nc3 Bb4 4.Qc2 O-O 5.a3 Bxc3+ 6.Qxc3 b6 7.Bg5 c5 8.dxc5 bxc5
9.e3 Bb7 10.Nf3 d6 11.Bd3 Nbd7 12.Nd2 h6 13.Bh4 Ne5 14.O-O a5 15.Rfd1 Nxd3
16.Qxd3 Ra6 17.e4 g5 18.Bg3 Nh5  1/2-1/2

[Event "RUS-ch51"]
[Site "St Petersburg"]
[Date "1998.08.05"]
[Round "9"]
[White "Sakaev, Konstantin"]
[Black "Kobalija, Mihail"]
[Result "1-0"]
[WhiteElo "2635"]
[BlackElo "2505"]

1.d4 d5 2.Nf3 Nf6 3.c4 c6 4.Nc3 e6 5.Bg5 h6 6.Bh4 dxc4 7.e4 g5 8.Bg3 b5 9.Be2 b4
10.Na4 Nxe4 11.Be5 Nf6 12.Nc5 Bg7 13.Bxc4 O-O 14.Qc2 Nbd7 15.h4 gxh4 16.Nxd7 Bxd7
17.Rxh4 Nd5 18.Bxg7 Kxg7 19.Rg4+ Kh8 20.Qd2 Qf6 21.Ne5 Be8 22.O-O-O Ne7 23.Rh1 Ng8
24.Rgh4 Kg7 25.Rf4  1-0

[Event "Elista ol (Men)"]
[Site "Elista"]
[Date "1998.09.30"]
[Round "2"]
[White "Silva Sanchez, Carlos"]
[Black "Sakaev, Konstantin"]
[Result "0-1"]
[WhiteElo "2395"]
[BlackElo "2635"]

1.c4 e5 2.g3 Nc6 3.Bg2 g6 4.Nc3 Bg7 5.e3 d6 6.Nge2 f5 7.d4 e4 8.a3 Nf6 9.b3 O-O
10.Bb2 Ne7 11.Qc2 c6 12.O-O g5 13.f4 exf3 14.Rxf3 d5 15.Raf1 Be6 16.c5 Qd7
17.Bc1 Rae8 18.Bd2 Ng6 19.b4 Ng4 20.Qc1 h5 21.h3 Nf6 22.Qc2 Bh6 23.R3f2 Kg7
24.Qc1 Nh7 25.g4 fxg4 26.e4 gxh3 27.Bh1 Rxf2 28.Rxf2 h4 29.Qf1 g4 30.Bxh6+ Kxh6
31.exd5 cxd5 32.Qc1+ Kg7 33.Nf4 g3 34.Rf3 h2+  0-1

[Event "Elista ol (Men)"]
[Site "Elista"]
[Date "1998.10.04"]
[Round "6"]
[White "Sakaev, Konstantin"]
[Black "Ruzele, Darius"]
[Result "1-0"]
[WhiteElo "2635"]
[BlackElo "2475"]

1.d4 e6 2.c4 Nf6 3.Nf3 d5 4.Nc3 Nbd7 5.cxd5 exd5 6.Bf4 c6 7.e3 Be7 8.Bd3 Nf8
9.h3 Ng6 10.Bh2 O-O 11.Qc2 Bd6 12.Ne5 Re8 13.f4 c5 14.O-O a6 15.Rad1 b6 16.g4 Bb7
17.g5 Nd7 18.Ng4 Ngf8 19.Qg2 Ra7 20.h4 b5 21.h5 Kh8 22.Ne5 Kg8 23.Ng4 Kh8
24.Ne5 Kg8 25.Be2 Nb6 26.Bf3 Qa8 27.b3 b4 28.Ne2 Nc8 29.f5 Bxe5 30.Bxe5 Nd7
31.Bf4 Kh8 32.Ng3 Ne7 33.f6  1-0

[Event "Beersheba-St Petersburg"]
[Site "Beersheba"]
[Date "1998.??.??"]
[Round "5"]
[White "Sakaev, Konstantin"]
[Black "Huzman, Alexander"]
[Result "1/2-1/2"]
[WhiteElo "2620"]
[BlackElo "2610"]

1.d4 Nf6 2.c4 e6 3.Nf3 b6 4.g3 Ba6 5.b3 Bb4+ 6.Bd2 Be7 7.Bg2 c6 8.Bc3 d5
9.Ne5 Nfd7 10.Nxd7 Nxd7 11.Nd2 O-O 12.O-O Rc8 13.e4 c5 14.exd5 exd5 15.dxc5 dxc4
16.c6 cxb3 17.Re1  1/2-1/2

[Event "Beersheba-St Petersburg"]
[Site "Beersheba"]
[Date "1998.??.??"]
[Round "7"]
[White "Greenfeld, Alon"]
[Black "Sakaev, Konstantin"]
[Result "1/2-1/2"]
[WhiteElo "2530"]
[BlackElo "2620"]

1.d4 Nf6 2.c4 e6 3.Nf3 b6 4.Nc3 Bb7 5.a3 d5 6.cxd5 Nxd5 7.e3 Nf6 8.Qa4+ Nbd7
9.Ba6 Qc8 10.Bxb7 Qxb7 11.O-O a6  1/2-1/2

[Event "Beersheba-St Petersburg"]
[Site "Beersheba"]
[Date "1998.??.??"]
[Round "12"]
[White "Sakaev, Konstantin"]
[Black "Golod, Vitali"]
[Result "1/2-1/2"]
[WhiteElo "2620"]
[BlackElo "2535"]

1.d4 Nf6 2.c4 g6 3.Nc3 Bg7 4.e4 d6 5.f3 O-O 6.Nge2 e5 7.Bg5 h6 8.Be3 exd4
9.Nxd4 Re8 10.Qd2 c6 11.O-O-O h5 12.Nc2 Be6 13.Qxd6 Nbd7 14.e5 Nh7 15.f4 Bf5
16.Qd2 Qe7 17.Nd4 Bg4 18.Be2 Nb6 19.c5 Bxe2 20.Qxe2 Qxc5 21.Ne6 Qe7 22.Nxg7 Kxg7
23.h3 h4 24.Qf2 Nc4 25.Bc5 Qe6 26.Qxh4 b6 27.Bf2 g5 28.fxg5 Nxe5 29.Bd4 Kg8
30.Qg3 c5 31.Bxe5 Qxe5 32.Qxe5 Rxe5 33.h4 Nf8 34.Nd5 Nh7 35.Rhf1 Rae8 36.Nc7 R8e7
37.Nd5 R7e6 38.Nf4 Re8 39.Kc2 Nf8 40.Rd2 Re4 41.b3 Ne6 42.Nd5 Rxh4 43.Nf6+ Kf8
44.g3 Rh3 45.Nxe8 Kxe8 46.g6 Nd4+ 47.Rxd4 cxd4 48.gxf7+ Kf8 49.Kd3 Rxg3+
50.Kxd4 Rg5 51.Rf3 Rh5 52.a3 Ra5 53.a4 Rh5 54.Rf6 Rg5 55.Ke4 Rh5 56.Kd4 Rg5
57.b4 Rh5 58.Kc4 Re5 59.Rf3 Rh5 60.Rf4 Re5  1/2-1/2

[Event "RUS-Cup02"]
[Site "Moscow"]
[Date "1998.??.??"]
[Round "1"]
[White "Dorofeeva, Anna"]
[Black "Sakaev, Konstantin"]
[Result "0-1"]
[WhiteElo "2345"]
[BlackElo "2620"]

1.e4 c5 2.d3 Nc6 3.g3 Nf6 4.Bg2 d5 5.Nd2 e5 6.Ngf3 Be7 7.O-O O-O 8.Qe2 d4
9.Nc4 Qc7 10.a4 Bg4 11.h3 Bh5 12.g4 Bg6 13.Nh2 Nd7 14.f4 exf4 15.Bxf4 Nde5
16.Nf3 f6 17.c3 Bf7 18.cxd4 cxd4 19.Rac1 Bd6 20.Nxd6 Qxd6 21.g5 Bh5 22.Qd2 Bxf3
23.Bxf3 fxg5 24.Bxe5 Nxe5 25.Be2 h6 26.Qc2 Rxf1+ 27.Rxf1 b6 28.Rc1 Qf6 29.Rf1 Qd6
30.Bd1 Rf8 31.Rxf8+ Qxf8 32.Bg4 Qc5 33.Qd1 g6 34.Be6+ Kg7 35.Bd5 h5 36.Be6 Qf8
37.Qc1 Qc5 38.Qd1 Qd6 39.Bd5 g4 40.hxg4 Nxg4 41.Qf3 Qh2+ 42.Kf1 Qc7 43.Qe2 Qf4+  0-1